• 首页
  • 本馆介绍
  • 公告通知
  • 最新文献
  • 馆藏检索
  • 电子资源
  • 读者导购
  • 参考咨询
  • 我的图书馆
  • 登录
  • 详细信息显示
  • 放入我的书架
  • 预约/预借图书
  • 作者相关作品
  • 分类相关作品
  • 丛书相关作品
  • 出版社相关作品

书目信息

  • 表格格式
  • 工作单格式
  • 卡片格式
题名:
影视类型学
    
 
作者: 郝建
分册:  
出版信息: 北京   北京大学出版社  2005
页数: 455
开本: 20cm
丛书名: 北京大学影视艺术丛书
单 册:
中图分类: J902
科图分类:
主题词: 电影 , 电视--艺术
电子资源:
ISBN: 7-301-05689-3
000 00578nam0 2200217 450
001 0754949328
005 20070828151549.32
010    @a7-301-05689-3@d¥25.00
100    @a20070828d km y0chiy0120 ea
101 0  @achi
200 1  @a影视类型学@Aying shi lei xing xue@f郝建@Fhao jian
210    @a北京@c北京大学出版社@d2005
215    @a455@d20cm
225 2  @a北京大学影视艺术丛书
410  0 @12001 @a北京大学影视艺术丛书
606 0  @a电影
606 0  @a电视@x艺术
690    @aJ902@v3
701  0 @a郝建@Ahao jian
801  0 @aCN@bPFT@c20070828
905    @a213230@dJ902@eM50
    
    影视类型学/郝建.-北京:北京大学出版社,2005
    455;20cm.-(北京大学影视艺术丛书)
    
    
    ISBN 7-301-05689-3:¥25.00
    
●
相关链接 在E读中查询图书 在五车中查询图书 在当当中查询图书 在豆瓣中查询图书


正题名:影视类型学     索取号:J902/M50         预约/预借

序号 登录号 条形码 馆藏地/架位号 状态 备注
1 6401387   264013873   密集书库-美术系/ [索取号:J902/M50] 在馆    
2 6401402   264014024   密集书库-美术系/ [索取号:J902/M50] 在馆    
唐山师范学院图书馆 欢迎您!
大连网信软件有限公司© 版权所有